[Event "FIN-chT 9798"]
[Site "Finland"]
[Date "1997.??.??"]
[Round "1"]
[White "Pulkkinen, Kari"]
[Black "Nieminen, Kari"]
[Result "1/2-1/2"]
[WhiteElo "2325"]
[BlackElo "2215"]

1.e4 c5 2.Nf3 Nc6 3.d4 cxd4 4.Nxd4 Nf6 5.Nc3 d6 6.Bg5 Bd7 7.Qd2 Nxd4 8.Qxd4 Qa5
9.f4 Rc8 10.O-O-O h6 11.Bxf6 gxf6 12.Kb1 Qc5 13.Qd2 f5 14.e5 Bg7 15.Nd5 Bc6
16.Ne3 dxe5 17.Nxf5 Bf6 18.Bd3 exf4 19.Qxf4 Qe5 20.Qxe5 Bxe5 21.Rhe1 f6 22.Be4 Bxe4
23.Rxe4 Kf7 24.Rg4 Rcd8 25.Rg7+ Ke6 26.Rf1 Rd7 27.c3 b5 28.Kc2 a5 29.Rg4 b4
30.Nd4+ Bxd4 31.cxd4 a4 32.Kd3 Rc8 33.Re4+ Kf7 34.Rf5 a3 35.Rb5 axb2 36.Rxb4 Ra7
37.Rxb2 Ra3+ 38.Kd2  1/2-1/2

[Event "FIN-chT 9798"]
[Site "Finland"]
[Date "1997.??.??"]
[Round "2"]
[White "Nokso Koivisto, Antti"]
[Black "Taivainen, Jukka"]
[Result "1-0"]
[WhiteElo "2215"]
[BlackElo "2295"]

1.e4 c5 2.Nf3 d6 3.d4 cxd4 4.Nxd4 Nf6 5.Nc3 Nc6 6.Bg5 e6 7.Qd2 a6 8.O-O-O Bd7
9.f4 Be7 10.Nf3 b5 11.Bxf6 Bxf6 12.Qxd6 Be7 13.Qd3 b4 14.Ne2 Ra7 15.Kb1 Qb8
16.e5 O-O 17.h4 Rd8 18.Ng5 g6 19.Qh3 Be8 20.Rxd8 Qxd8 21.Nc1 Qd2 22.h5 Bxg5
23.fxg5 Nd4 24.Bd3 Qxg5 25.hxg6 fxg6 26.Nb3 Nxb3 27.Qxe6+ Bf7 28.Qc8+ Kg7
29.axb3 Qxe5 30.Qh3 h5 31.Qh4 a5 32.Re1 Qf6 33.Qe4 a4 34.Rf1 Qd6 35.bxa4 Rxa4
36.Bc4 Bxc4 37.Qxc4 Ra7 38.Qf4 Qe6 39.Qd4+ Kh6 40.Qxa7  1-0

[Event "FIN-chT 9798"]
[Site "Finland"]
[Date "1997.??.??"]
[Round "3"]
[White "Holmsten, Aleksei"]
[Black "Veingold, Aleksandr"]
[Result "1-0"]
[WhiteElo "2325"]
[BlackElo "2460"]

1.e4 c5 2.Nf3 Nc6 3.d4 cxd4 4.Nxd4 Nf6 5.Nc3 d6 6.Bg5 e6 7.Qd2 a6 8.O-O-O h6
9.Be3 Bd7 10.f4 b5 11.Bd3 b4 12.Nce2 Qb8 13.h3 Qb7 14.Rhe1 Rc8 15.Bf2 Be7
16.Kb1 g6 17.g4 e5 18.Nf3 a5 19.Bg3 Qc7 20.fxe5 Nxe5 21.Ned4 Nxd3 22.Qxd3 O-O
23.e5 dxe5 24.Nxe5 Bd6 25.Nxd7 Qxd7 26.Bh4 g5 27.Nf5 gxh4 28.Qd2 Rfe8 29.Qxh6 Bf8
30.Qg5+ Kh7 31.Qxh4+  1-0

[Event "Frydek-Mistek op-A"]
[Site "Frydek-Mistek"]
[Date "1997.??.??"]
[Round "4"]
[White "Pinkas, Karol"]
[Black "Chernyshov, Konstantin"]
[Result "0-1"]
[WhiteElo "2365"]
[BlackElo "2450"]

1.e4 c5 2.Nf3 Nc6 3.d4 cxd4 4.Nxd4 Nf6 5.Nc3 d6 6.Bg5 e6 7.Qd2 a6 8.O-O-O h6
9.Be3 Ng4 10.Nxc6 bxc6 11.Bc5 Bb7 12.h3 Qg5 13.hxg4 Qxc5 14.Na4 Qa7 15.Rh3 c5
16.Rb3 Bxe4 17.Qa5 Bc6 18.Nb6 Qc7 19.Qc3 Rb8 20.Nc4 Rxb3 21.axb3 d5 22.Qa5 Bd6
23.Nxd6+ Qxd6 24.Qxa6 O-O 25.Qe2 Ra8 26.Kb1 Qb8 27.g5 Qa7 28.c4 Qa2+ 29.Kc2 Rb8
30.gxh6 Qxb3+ 31.Kb1 dxc4 32.Rd2 c3 33.Qe5 Be4+  0-1

[Event "Frydek-Mistek op-A"]
[Site "Frydek-Mistek"]
[Date "1997.??.??"]
[Round "7"]
[White "Cherevatenko, Roman"]
[Black "Obsivac, Josef"]
[Result "0-1"]
[WhiteElo "2395"]
[BlackElo "2385"]

1.e4 c5 2.Nf3 Nc6 3.d4 cxd4 4.Nxd4 Nf6 5.Nc3 d6 6.Bg5 Bd7 7.Qd2 Ng4 8.Ndb5 Be6
9.h3 Nge5 10.Nd5 Rc8 11.f4 h6 12.fxe5 hxg5 13.exd6 exd6 14.O-O-O a6 15.Nbc3 Ne5
16.Kb1 g6 17.Be2 Bg7 18.Ne3 Qa5 19.a3 Rc6 20.Rhf1 Nd7 21.Ncd5 Qxd2 22.Rxd2 Nc5
23.Bf3 Be5 24.Re1 Kf8 25.c3 Kg7 26.Ka2 a5 27.Nc2 Na4 28.Nd4 Bxd5+ 29.exd5 Rcc8
30.Nb3 Ra8 31.Nd4 Nc5 32.b3 Rac8 33.a4 f5 34.c4 Kf6 35.Nb5 Rh4 36.Rdd1 Rf4
37.Ka3 g4 38.hxg4 fxg4 39.Be2 Kg5 40.b4 axb4+ 41.Kxb4 Rf2 42.Bf1 Rb2+ 43.Ka5 Nd7  0-1

[Event "Frydek-Mistek op-A"]
[Site "Frydek-Mistek"]
[Date "1997.??.??"]
[Round "8"]
[White "Filipek, Jakub"]
[Black "Chernyshov, Konstantin"]
[Result "1/2-1/2"]
[WhiteElo "2390"]
[BlackElo "2450"]

1.e4 c5 2.Nf3 Nc6 3.d4 cxd4 4.Nxd4 Nf6 5.Nc3 d6 6.Bg5 e6 7.Qd2 a6 8.O-O-O h6
9.Bf4 Bd7 10.Nxc6 Bxc6 11.f3 d5 12.Qe1 Bb4 13.a3 Ba5 14.b4 Bb6 15.exd5 Bxd5
16.Be5 O-O 17.Qh4 Be3+ 18.Kb2 Bg5 19.Qd4 Bc6 20.a4 Qxd4 21.Bxd4 Rfd8 22.Bc4 Rac8
23.Kb3 Bf4 24.b5 axb5 25.axb5 Bd5 26.Nxd5 Nxd5 27.Bxd5 exd5 28.Rd3 Rc4 29.Ra1 Bxh2
30.Ra7 Rxd4 31.Rxd4 Bg1 32.Raa4 Bxd4 33.Rxd4 Kf8 34.Kb4 Ke7 35.Kc5 Rd6 36.Rxd5 b6+
37.Kd4 Ke6 38.Rxd6+ Kxd6 39.f4 g6 40.Ke4 Ke6 41.Kd4 f6 42.Ke4 f5+ 43.Kd3 g5
44.fxg5 hxg5 45.c3 Kd6 46.c4 g4  1/2-1/2

[Event "Arnold mem"]
[Site "Gausdal"]
[Date "1997.??.??"]
[Round "4"]
[White "Malinarski, Yehuda"]
[Black "Thorhallsson, Throstur"]
[Result "0-1"]
[WhiteElo "2250"]
[BlackElo "2510"]

1.e4 c5 2.Nf3 Nc6 3.d4 cxd4 4.Nxd4 Nf6 5.Nc3 d6 6.Bg5 e6 7.Qd2 a6 8.O-O-O h6
9.Bf4 Bd7 10.Nxc6 Bxc6 11.Bxd6 Bxd6 12.Qxd6 Qxd6 13.Rxd6 Bxe4 14.Rd4 Bc6
15.f3 g5 16.h4 Ke7 17.Bc4 Rag8 18.Nd1 b5 19.Bb3 g4 20.Ne3 gxf3 21.gxf3 Rg3
22.Re1 Rxf3 23.c3 Rd8 24.Bd1 Rf2 25.Nc2 Rxd4 26.Nxd4 Bd5 27.a4 bxa4 28.Bxa4 Ne4
29.Bc2 f5 30.Bd3 Bb7 31.Bc4 e5 32.Nb3 Rf4 33.Na5 Bc8 34.h5 Rh4 35.Bd3 Kf6
36.Bxe4 fxe4 37.Nc4 Bf5 38.b4 Rxh5 39.Nd6 Rh3 40.Kb2 e3 41.c4 Bg4 42.Ne4+ Kf5
43.Nc5 e2 44.Nxa6 Rd3 45.b5 Rd1  0-1

[Event "Geneve op"]
[Site "Geneve"]
[Date "1997.??.??"]
[Round "2"]
[White "Gallagher, Joseph G"]
[Black "Landenbergue, Claude"]
[Result "1-0"]
[WhiteElo "2545"]
[BlackElo "2420"]

1.e4 c5 2.Nf3 d6 3.d4 cxd4 4.Nxd4 Nf6 5.Nc3 Nc6 6.Bg5 e6 7.Qd2 a6 8.O-O-O h6
9.Be3 Bd7 10.f3 Qa5 11.Kb1 Be7 12.g4 Nxd4 13.Bxd4 e5 14.Be3 Be6 15.Qf2 Qc7
16.h4 b5 17.Rg1 Qb7 18.g5 b4 19.Ne2 Nd7 20.f4 Rc8 21.Ng3 exf4 22.Bxf4 hxg5
23.hxg5 Nc5 24.b3 Qc6 25.Bg2 a5 26.Nf5 Bxf5 27.exf5 Ne4 28.Bxe4 Qxe4 29.Rge1 Qxf5
30.Rxe7+ Kf8 31.Bxd6  1-0

[Event "Geneve op"]
[Site "Geneve"]
[Date "1997.??.??"]
[Round "6"]
[White "Forster, Richard"]
[Black "Tukmakov, Vladimir B"]
[Result "1-0"]
[WhiteElo "2365"]
[BlackElo "2585"]

1.e4 c5 2.Nf3 d6 3.d4 cxd4 4.Nxd4 Nf6 5.Nc3 Nc6 6.Bg5 e6 7.Qd2 a6 8.O-O-O h6
9.Be3 Qc7 10.f3 Rb8 11.Bd3 Ne5 12.g4 b5 13.Rhe1 Nxd3+ 14.Qxd3 Be7 15.f4 b4
16.Nce2 Nxg4 17.Bg1 e5 18.h3 Nf6 19.fxe5 dxe5 20.Bh2 Bb7 21.Qg3 Rc8 22.Qxe5 Qxe5
23.Bxe5 Rc5 24.Bf4 g6 25.Nb3 Rh5 26.Bd6 Rh4 27.Nc5 Bc8 28.Bxe7 Kxe7 29.Nd4 Bxh3
30.e5 Ne8 31.Nc6+ Kf8 32.e6 fxe6 33.Nxe6+ Bxe6 34.Rxe6 Kf7 35.Nd8+  1-0

[Event "Geneve op"]
[Site "Geneve"]
[Date "1997.??.??"]
[Round "7"]
[White "Hunt, Harriet"]
[Black "Epishin, Vladimir"]
[Result "1/2-1/2"]
[WhiteElo "2330"]
[BlackElo "2600"]

1.e4 c5 2.Nf3 d6 3.d4 cxd4 4.Nxd4 Nf6 5.Nc3 Nc6 6.Bg5 e6 7.Qd2 a6 8.O-O-O Bd7
9.f4 b5 10.Nxc6 Bxc6 11.Qe3 Be7 12.Bxf6 Bxf6 13.e5 Be7 14.exd6 Bxd6 15.Ne4 Bxe4
16.Qxe4 O-O 17.Bd3 g6 18.g3 Qf6 19.Kb1 Rfd8 20.Be2 e5 21.fxe5 Bxe5 22.Rhf1 Rxd1+
23.Rxd1 Re8 24.Rf1 Qe6 25.Bd3 Kg7 26.a3 f5 27.Qb4 Bf6 28.Qf4 h5 29.Rd1 Rd8
30.c3 Rd5 31.Bc2 Re5 32.Bd3 Re3 33.Qc7+ Qe7 34.Qc6 Re6 35.Qf3 Re5 36.Bc2 Re2
37.Rd7 Re1+ 38.Rd1 Re3 39.Qc6 Re6 40.Qf3 Re3 41.Qc6 Qe6 42.Qc7+ Qf7 43.Qc6 Re6
44.Qd5 Re2 45.Qc6 Qe6 46.Qc7+ Be7 47.h4 Qe5 48.Qc8 Re1 49.Qxa6 Rxd1+ 50.Bxd1 Qxg3
51.Qxb5 Qxh4 52.a4 Qh1 53.Kc2 Qe4+ 54.Kb3 h4 55.Qf1 Qd5+ 56.Kc2 Qe4+ 57.Kb3 g5
58.Bc2 Qe6+ 59.c4 f4 60.Ka2 Qe3 61.Qd1 f3 62.Qd5 g4 63.Qf5 Qg5 64.Qh7+ Kf8
65.Bg6 Qf6 66.Qh6+ Kg8 67.Qh7+ Kf8 68.Qh6+ Kg8 69.Qh7+ Kf8 70.Qh6+  1/2-1/2

[Event "Oberliga Nord O9697"]
[Site "Germany"]
[Date "1997.??.??"]
[Round "?"]
[White "Weber, Siegfried"]
[Black "Vogel, Robert"]
[Result "1-0"]
[WhiteElo "2265"]
[BlackElo "2305"]

1.e4 c5 2.Nf3 Nc6 3.d4 cxd4 4.Nxd4 Nf6 5.Nc3 d6 6.Bg5 e6 7.Qd2 Be7 8.O-O-O O-O
9.Nb3 a6 10.Bxf6 gxf6 11.Qh6 Kh8 12.Qh5 Rg8 13.Qxf7 Rg6 14.f4 Bd7 15.Rd3 b5
16.Rg3 Qf8 17.Qxf8+ Bxf8 18.Rd3 Rc8 19.g3 b4 20.Ne2 a5 21.Bh3 Rh6 22.Bg4 Rg6
23.h3 f5 24.exf5 exf5 25.Bh5 Rh6 26.Bf7 a4 27.Nbd4 Na5 28.Kb1 Bg7 29.Nf3 Nc4
30.Ned4 Rf6 31.Bxc4 Rxc4 32.Re1 Rf7 33.b3 Rc3 34.Rde3 h6 35.Rxc3 bxc3 36.Re3 Bf6
37.Rxc3 Be6 38.bxa4 Bd5 39.Rc8+ Kh7 40.Kc1 Be4 41.a5 Rg7 42.Rf8 Be7 43.Re8 d5
44.a6 Bc5 45.Rc8 Ba7 46.Kd2 Bb6 47.Rb8 Ba5+ 48.Ke2 Kg6 49.Rb7 Rg8 50.a7  1-0

[Event "BL9798 (Women)"]
[Site "Germany"]
[Date "1997.??.??"]
[Round "?.4"]
[White "Fuchs, Antje"]
[Black "Muller, Anne"]
[Result "0-1"]
[WhiteElo "2105"]
[BlackElo "2145"]

1.e4 c5 2.Nf3 d6 3.d4 cxd4 4.Nxd4 Nf6 5.Nc3 Nc6 6.Bg5 e6 7.Qd2 a6 8.O-O-O h6
9.Nxc6 bxc6 10.Bf4 d5 11.Qe3 Be7 12.g4 Bb7 13.Rg1 Nd7 14.exd5 cxd5 15.g5 hxg5
16.Bxg5 g6 17.Bf4 Qb6 18.Qxb6 Nxb6 19.Bd3 Bf6 20.Nb1 Rc8 21.Rge1 Nc4 22.c3 Kf8
23.Nd2 Nxd2 24.Kxd2 a5 25.Bg3 Kg7 26.Bb5 Rhd8 27.f4 Bc6 28.Bxc6 Rxc6 29.Kd3 Rb8
30.Re2 Rd8 31.Be1 Rc4 32.Bd2 Rcc8 33.b4 axb4 34.cxb4 Rh8 35.Rg1 Ra8 36.Be3 Ra3+
37.Kd2 Rxa2+ 38.Ke1 Ra1+ 39.Kf2 Rxh2+ 40.Rg2 Rxg2+ 41.Kxg2 Rb1 42.Bc5 g5
43.fxg5 Bxg5 44.Kf3 Rb3+ 45.Kg2 Kg6 46.Ra2 Bf6 47.Ra7 Bc3 48.Rb7 d4 49.Rd7 e5
50.Rd6+ Kf5 51.Rd7 f6 52.Rb7 d3 53.Kf3 e4+ 54.Kf2 Rb2+ 55.Kf1 Rb1+ 56.Kf2 Be1+
57.Ke3 d2 58.Rd7 d1=Q 59.Rxd1 Rxd1 60.b5 Rb1 61.b6 Ba5  0-1

[Event "BL9798 (Women)"]
[Site "Germany"]
[Date "1997.??.??"]
[Round "?.3"]
[White "Ludwig, Kristin"]
[Black "Kas Fromm, Rita"]
[Result "0-1"]
[WhiteElo "2040"]
[BlackElo "2245"]

1.e4 c5 2.Nf3 Nc6 3.d4 cxd4 4.Nxd4 Nf6 5.Nc3 d6 6.Bg5 e6 7.Qd2 a6 8.O-O-O h6
9.Bf4 Bd7 10.Nxc6 Bxc6 11.f3 Qb6 12.Bxd6 O-O-O 13.e5 Ne8 14.Qf4 Nxd6 15.exd6 Rd7
16.Qe5 Qd8 17.Bc4 Rxd6 18.Ne4 Bxe4 19.Qxe4 Qc7 20.f4 Be7 21.Rxd6 Bxd6 22.g3 Qc5
23.Rd1 Rd8 24.Be2 Rd7 25.Qc4 Qxc4 26.Bxc4 Bc5 27.Rxd7 Kxd7 28.h3 Bf2 29.f5 exf5
30.Bxf7 Bxg3 31.Kd2 g5 32.Ke3 Kd6 33.Bc4 Ke5 34.Bf7 g4 35.hxg4 fxg4 36.a4 a5
37.Bg6 b6 38.Be8 Kf5 39.c3 Be5 40.Bd7+ Kg5 41.Kf2 h5 42.Kg2 h4 43.Bc8 h3+
44.Kg1 Kh4 45.b4 Bxc3 46.b5 g3 47.Bb7 g2  0-1

[Event "Oberliga Nord N9697"]
[Site "Germany"]
[Date "1997.??.??"]
[Round "?"]
[White "Lampe, Dirk"]
[Black "Buhr, Carl Christian"]
[Result "1-0"]
[WhiteElo "2295"]
[BlackElo "2265"]

1.e4 c5 2.Nf3 Nc6 3.d4 cxd4 4.Nxd4 Nf6 5.Nc3 d6 6.Bg5 Bd7 7.Be2 e6 8.O-O a6
9.Kh1 Be7 10.f4 Qc7 11.f5 O-O 12.fxe6 fxe6 13.Bc4 Nxd4 14.Qxd4 Rac8 15.Bb3 Qc5
16.Qd2 Rcd8 17.Rf3 Kh8 18.Raf1 b5 19.a3 a5 20.Be3 Qc6 21.Qd4 Rb8 22.e5 dxe5
23.Qxe5 a4 24.Ba2 b4 25.axb4 Rxb4 26.Nd5 Rb5 27.c4 Ra5 28.Qc3 Bd8 29.Nxf6 gxf6
30.Rxf6 Rxf6 31.Rxf6 Kg8 32.Bh6 Qd6 33.Rg6+ Kf7 34.Qg7+ Ke8 35.Qg8+ Ke7 36.Qf8+  1-0

[Event "Landesliga Sued 9697 Bayern"]
[Site "Germany"]
[Date "1997.??.??"]
[Round "?"]
[White "Anka, Emil"]
[Black "Terzic, Safet"]
[Result "1-0"]
[WhiteElo "2400"]
[BlackElo "2320"]

1.e4 c5 2.Nf3 Nc6 3.d4 cxd4 4.Nxd4 Nf6 5.Nc3 d6 6.Bg5 e6 7.Qd2 a6 8.O-O-O h6
9.Be3 Be7 10.f3 Nxd4 11.Bxd4 e5 12.Be3 Be6 13.Kb1 Rc8 14.h4 Qc7 15.Qf2 b5
16.g3 Qc6 17.Bh3 Rc7 18.Qd2 O-O 19.Nd5 Bxd5 20.exd5 Qb7 21.Bf5 g6 22.Bxh6 Re8
23.h5 Qxd5 24.Qxd5 Nxd5 25.hxg6 Nf6 26.g4 Nd7 27.Be3 Nf8 28.gxf7+ Kxf7 29.Be4 Rec8
30.Bb6 Rc4 31.Bd5+ Kg7 32.Bxc4 Rxc4 33.Be3 Ng6 34.b3 Rc8 35.Bd2 Kf7 36.Rh7+ Ke6
37.Rh6 Rg8 38.Bb4 Rg7 39.a3 Rg8 40.Rh7 Rd8 41.Kb2 Bf6 42.Rh6 Kf7 43.Rxd6 e4+
44.Kb1 exf3 45.Rxd8 Bxd8 46.Rh1 Ne5 47.Rf1 Nxg4 48.Rxf3+ Ke6 49.Rc3 a5 50.Bxa5 Bxa5
51.Rc5 Kd6 52.Rxb5 Bc3 53.Rh5 Ne3 54.Rh3 Nd5 55.Ka2 Kc5 56.Rh5 Kd4 57.Rh4+ Ke5
58.b4 Be1 59.Rh1 Bf2 60.Kb3 Ne3 61.a4 Kd5 62.Rh5+ Kc6 63.Rh6+ Kb7 64.c4 Bg3
65.a5 Nf5 66.Rh7+ Kb8 67.c5 Nd4+ 68.Kc4 Nc6 69.Kb5 Na7+ 70.Ka6 Nc6 71.Kb6 Nd8
72.b5 Be5 73.Re7 Bf4 74.Re8 Bc7+ 75.Ka6 Kc8 76.c6 Bf4 77.b6 Bg3 78.Kb5 Bf4
79.a6  1-0

[Event "BL2-W9697"]
[Site "Germany"]
[Date "1997.??.??"]
[Round "?.8"]
[White "Walter, Karel"]
[Black "Morlo, Michael"]
[Result "1-0"]
[WhiteElo "2135"]
[BlackElo "2310"]

1.e4 c5 2.Nf3 d6 3.d4 cxd4 4.Nxd4 Nf6 5.Nc3 Nc6 6.Bg5 Bd7 7.Be2 Qa5 8.Bxf6 gxf6
9.O-O Nxd4 10.Qxd4 Rc8 11.Kh1 Qc5 12.Qd2 f5 13.exf5 Qxf5 14.Bf3 b6 15.Rae1 Bc6
16.Be4 Bxe4 17.Nxe4 Kd8 18.b3 h5 19.c4 h4 20.f4 Rc7 21.Nc3 Bg7 22.Nd5 Rd7
23.Nxe7 Qh5 24.Qd3 Re8 25.Nc6+  1-0

[Event "BL2-W9697"]
[Site "Germany"]
[Date "1997.??.??"]
[Round "?.6"]
[White "Kotter, Ralf"]
[Black "Buscher, Michael"]
[Result "0-1"]
[WhiteElo "2300"]
[BlackElo "2350"]

1.e4 c5 2.Nf3 d6 3.d4 cxd4 4.Nxd4 Nf6 5.Nc3 Nc6 6.Bg5 e6 7.Qd2 a6 8.O-O-O Bd7
9.f3 Be7 10.g4 b5 11.Be3 h6 12.Kb1 Qc7 13.g5 hxg5 14.Bxg5 Nxd4 15.Qxd4 Rc8
16.Qd2 b4 17.Bxf6 Bxf6 18.Ne2 Ba4 19.Rc1 Bc3 20.Nxc3 bxc3 21.Qd4 Qa5 22.b3 Bd7
23.a4 e5 24.Qxd6 Rh6 25.Qa3 Rb6 26.Rg1 Bxa4 27.Rxg7 Rc5 28.Rg8+ Ke7 29.Rc8 Rb4
30.Rxc5 Qxc5 31.Ka2 a5 32.Rd1 Qf2 33.Qc1 Bxb3+ 34.Ka3 Qc5 35.Qg5+ f6 36.Qg7+ Bf7
37.Rd7+ Kxd7 38.Qxf7+ Qe7 39.Bh3+ Kd6 40.Qd5+ Kc7 41.Qxa5+ Rb6+ 42.Ka4 Qe8+
43.Ka3 Qb5 44.Qxb5 Rxb5 45.Be6 Kd6 46.Bf7 Kc5 47.h3 Rb2 48.Be6 Rxc2 49.Kb3 Rc1
50.h4 Kd4 51.h5 Rh1  0-1

[Event "BL2-W9697"]
[Site "Germany"]
[Date "1997.??.??"]
[Round "?.4"]
[White "Thiel, Thomas"]
[Black "Heinbuch, Detlef"]
[Result "1-0"]
[WhiteElo "2315"]
[BlackElo "2365"]

1.e4 c5 2.Nf3 Nc6 3.d4 cxd4 4.Nxd4 Nf6 5.Nc3 d6 6.Bg5 e6 7.Bb5 Bd7 8.Bxc6 bxc6
9.Qf3 e5 10.Nf5 Bxf5 11.Qxf5 Be7 12.O-O-O h6 13.Be3 Qd7 14.Qxd7+ Kxd7 15.f3 Ke6
16.Rd3 Rhd8 17.Re1 Ne8 18.Ne2 Bg5 19.f4 exf4 20.Bxf4 Bxf4+ 21.Nxf4+ Ke7 22.e5 dxe5
23.Rxe5+ Kf8 24.Ra5 Ke7 25.Re5+ Kf8 26.Rc5 g5 27.Rxd8 Rxd8 28.Nd3 Rd4 29.Rxc6 h5
30.Ra6 Rh4 31.h3 g4 32.hxg4 Rxg4 33.Ne1 Re4 34.Kd2 Re7 35.Nf3 Kg7 36.Nd4 Rb7
37.Nf5+ Kg8 38.b3 f6 39.Ng3 Rg7 40.Nxh5 Rxg2+ 41.Kd3 Rf2 42.Rxa7 Rf5 43.Ra8  1-0

[Event "BL2-W9697"]
[Site "Germany"]
[Date "1997.??.??"]
[Round "?.3"]
[White "Haba, Petr"]
[Black "Boidman, Yuri"]
[Result "1/2-1/2"]
[WhiteElo "2520"]
[BlackElo "2410"]

1.e4 c5 2.Nf3 Nc6 3.d4 cxd4 4.Nxd4 Nf6 5.Nc3 d6 6.Bg5 e6 7.Qd2 a6 8.O-O-O Bd7
9.f4 b5 10.Bxf6 gxf6 11.Nxc6 Bxc6 12.Qe1 b4 13.Nd5 a5 14.f5 Bh6+ 15.Kb1 Bxd5
16.exd5 e5 17.Bb5+ Ke7 18.Bc6 Ra6 19.Rd4 Qb6 20.Re4 Rb8 21.Rh4 Be3 22.Rxh7 a4
23.Qe2 a3 24.Rxf7+ Kxf7 25.Qh5+ Kf8 26.Qh8+ Kf7 27.Qh7+ Kf8 28.Qh8+ Kf7 29.Qh7+  1/2-1/2

[Event "BL2-W9697"]
[Site "Germany"]
[Date "1997.??.??"]
[Round "?.2"]
[White "Van den Doel, Erik"]
[Black "Mainka, Romuald"]
[Result "1-0"]
[WhiteElo "2430"]
[BlackElo "2480"]

1.e4 c5 2.Nf3 Nc6 3.d4 cxd4 4.Nxd4 Nf6 5.Nc3 d6 6.Bg5 e6 7.Qd2 Be7 8.O-O-O Nxd4
9.Qxd4 a6 10.f4 b5 11.Bxf6 gxf6 12.e5 d5 13.Kb1 Bb7 14.f5 fxe5 15.Qxe5 Bf6
16.Qe1 Qe7 17.fxe6 fxe6 18.g3 O-O 19.Bh3 Rae8 20.Rf1 b4 21.Ne2 e5 22.Nc1 a5
23.Qe3 d4 24.Qb3+ Kh8 25.Qa4 Qd6 26.Nb3 e4 27.Qd7 Qb6 28.Rxf6 Qxf6 29.Qxb7 d3
30.cxd3 a4 31.Nc5 b3 32.axb3 a3 33.bxa3 Rb8 34.Qxe4 Rfe8 35.Be6 Rxe6 36.Qxe6  1-0

[Event "BL2-W9697"]
[Site "Germany"]
[Date "1997.??.??"]
[Round "?.2"]
[White "Morawietz, Dieter"]
[Black "Pelletier, Yannick"]
[Result "1-0"]
[WhiteElo "2430"]
[BlackElo "2470"]

1.e4 c5 2.Nf3 d6 3.d4 cxd4 4.Nxd4 Nf6 5.Nc3 Nc6 6.Bg5 e6 7.Qd2 Be7 8.O-O-O O-O
9.Nb3 Qb6 10.f3 Rd8 11.Be3 Qc7 12.Qf2 d5 13.exd5 Nxd5 14.Nxd5 Rxd5 15.Rxd5 exd5
16.Bb5 Na5 17.Bd3 Nxb3+ 18.axb3 a5 19.Kb1 a4 20.Qg3 Qa5 21.Bd4 Bf8 22.Qh4 h6
23.Bc3 Qc7 24.bxa4 Bd7 25.a5 Qc5 26.Rd1 b6 27.axb6 Qxb6 28.Qd4 Qb7 29.b3 Ra4
30.Qe5 Be6 31.Bb2 Rb4 32.g4 d4 33.Qe4 Qxe4 34.Bxe4 Rb8 35.Rxd4 Bc5 36.Rd3 Bb6
37.Be5 Rc8 38.c4 Bc5 39.Kb2 Kf8 40.Bd6+ Bxd6 41.Rxd6 Ke7 42.Rd4  1-0

[Event "Oberliga Nord N9798"]
[Site "Germany"]
[Date "1997.??.??"]
[Round "?"]
[White "Stockfleth, Ron"]
[Black "Schirm, Friedmar"]
[Result "1/2-1/2"]
[WhiteElo "2220"]
[BlackElo "2290"]

1.e4 c5 2.Nf3 d6 3.d4 cxd4 4.Nxd4 Nf6 5.Nc3 Nc6 6.Bg5 e6 7.Qd2 Be7 8.O-O-O O-O
9.f4 h6 10.Bxf6 Bxf6 11.Nxc6 bxc6 12.Qxd6 Qb6 13.e5 Rd8 14.Qa3 Qe3+ 15.Kb1 Rxd1+
16.Nxd1 Qxa3 17.bxa3 Be7 18.c3 Bxa3 19.Bd3 Bd7 20.Kc2 Rb8 21.Bc4 Kf8 22.Re1 Ke7
23.Re2 Be8 24.Bb3 Bc5 25.Nf2 Bxf2 26.Rxf2 c5 27.Rd2  1/2-1/2

[Event "Oberliga Ost B9798"]
[Site "Germany"]
[Date "1997.??.??"]
[Round "?.2"]
[White "Grabarczyk, Bogdan"]
[Black "Schlamp, Robert"]
[Result "1-0"]
[WhiteElo "2445"]
[BlackElo "2280"]

1.e4 c5 2.Nf3 d6 3.d4 cxd4 4.Nxd4 Nf6 5.Nc3 Nc6 6.Bg5 Bd7 7.Qd2 Rc8 8.O-O-O Nxd4
9.Qxd4 Qa5 10.Bd2 e5 11.Qd3 Rxc3 12.Bxc3 Qxa2 13.Qc4 Qxc4 14.Bxc4 Nxe4 15.Be1 Be7
16.f3 Nc5 17.Bf2 b6 18.Bxc5 bxc5 19.Rd3 a5 20.Re1 Bc6 21.Rb3 Bg5+ 22.Kb1 Ke7
23.Rb6 Rc8 24.Rd1 Rc7 25.Bb5 Bxb5 26.Rxb5 Ke6 27.Rxa5 f5 28.Ra6 Be7 29.c4 Rb7
30.Kc2 Rb4 31.b3 Rb8 32.Rda1 e4 33.Re1 Ke5 34.Raa1 Bf6 35.g3 d5 36.f4+ Ke6
37.Ra6+ Kf7 38.cxd5 Rd8 39.d6 Ke6 40.g4 g6 41.d7+ Ke7 42.gxf5 gxf5 43.Rd1 Bd4
44.b4 Rxd7 45.bxc5 Bxc5 46.Rxd7+ Kxd7 47.Rf6 Bd6 48.Rxf5 Ke6 49.Rh5 Bxf4
50.Rxh7 Kf5 51.Kd1 Kg4 52.Ke2 Bg5 53.Rg7 Kh4 54.Kf2 Kg4 55.h3+ Kh5 56.Rg8 Bf4
57.Rg4 e3+ 58.Kf3 Bg5 59.Re4 Bh6 60.Kg3 Bg5 61.Re5 Kg6 62.Kg4 Bh6 63.h4 Kf6
64.Re4 Kg6 65.Re6+ Kf7 66.Kf5 Kg7 67.Re7+ Kf8 68.Kf6 Bf4 69.Re4 Bg3 70.h5  1-0

[Event "BL2-N9798"]
[Site "Germany"]
[Date "1997.??.??"]
[Round "1.2"]
[White "Breyther, Ruediger"]
[Black "Buhr, Carl Christian"]
[Result "1/2-1/2"]
[WhiteElo "2395"]
[BlackElo "2340"]

1.e4 c5 2.Nf3 d6 3.d4 cxd4 4.Nxd4 Nf6 5.Nc3 Nc6 6.Bg5 e6 7.Qd2 a6 8.O-O-O h6
9.Bf4 Bd7 10.Nxc6 Bxc6 11.f3 d5 12.Qe1 Bb4 13.a3 Ba5 14.Bd2 O-O 15.exd5 Nxd5
16.Nxd5 Bxd2+ 17.Rxd2 exd5 18.Bc4 Qg5 19.Bb3 Rfe8 20.Qf2 Re6 21.f4 Qf5 22.Rhd1 Rd8
23.g3 Qh5 24.Re1 Rxe1+ 25.Qxe1 Re8 26.Qd1 Qh3 27.Re2 Rxe2 28.Qxe2 Qe6 29.Qxe6 fxe6
30.Kd2 Kf7  1/2-1/2

[Event "NRW-Liga 9798"]
[Site "Germany"]
[Date "1997.??.??"]
[Round "1.2"]
[White "Wehmeier, Stefan"]
[Black "Kozul, Zdenko"]
[Result "0-1"]
[WhiteElo "2395"]
[BlackElo "2605"]

1.e4 c5 2.Nf3 Nc6 3.d4 cxd4 4.Nxd4 Nf6 5.Nc3 d6 6.Bg5 e6 7.Qd2 a6 8.O-O-O Bd7
9.f3 Be7 10.h4 Rc8 11.g4 Ne5 12.Kb1 b5 13.Bd3 O-O 14.Bxf6 Bxf6 15.g5 Be7
16.f4 Nc4 17.Qe1 Qb6 18.Qg1 Rfe8 19.h5 b4 20.Nce2 e5 21.Nf5 Qxg1 22.Rhxg1 Bf8
23.fxe5 Nxe5 24.Nf4 Nxd3 25.cxd3 Bxf5 26.exf5 Rc5 27.f6 Rf5 28.Rdf1 d5 29.fxg7 Bc5
30.Re1 Rxe1+ 31.Rxe1 Kxg7 32.h6+ Kf8 33.Nh5 Bd4 34.Rc1 Rxg5 35.Nf4 Be3 36.Rc8+ Ke7
37.Rc7+ Ke8 38.Rc8+ Kd7 39.Rh8 Bxf4 40.Rxh7 Ke7 41.Rh8 Rh5 42.h7 Be5  0-1

[Event "NRW-Liga 9798"]
[Site "Germany"]
[Date "1997.??.??"]
[Round "2"]
[White "Begnis, Nikolaos"]
[Black "Donner, Bernd"]
[Result "1/2-1/2"]
[WhiteElo "2255"]
[BlackElo "2305"]

1.e4 c5 2.Nf3 Nc6 3.d4 cxd4 4.Nxd4 Nf6 5.Nc3 d6 6.Bg5 Bd7 7.Be2 Rc8 8.O-O Qa5
9.Bxf6 gxf6 10.Nf5 Rg8 11.Nd5 Qd8 12.Bh5 Ne5 13.f4 Ng6 14.Qd4 e5 15.Qd3 Be6
16.Nfe3 Nxf4 17.Nxf4 exf4 18.Nd5 Bh6 19.b3 Rc5 20.c4 Rg5 21.Bf3 Re5 22.Rad1 Bxd5
23.exd5 f5 24.b4 Rc7 25.Rfe1 Rce7 26.Rxe5 Rxe5 27.c5 Qe7 28.h3 Re1+ 29.Rxe1 Qxe1+
30.Kh2 Qg3+ 31.Kg1 Qe1+  1/2-1/2

[Event "NRW-Liga 9798"]
[Site "Germany"]
[Date "1997.??.??"]
[Round "4"]
[White "Meijers, Viesturs"]
[Black "Reinartz, Georg"]
[Result "0-1"]
[WhiteElo "2445"]
[BlackElo "2260"]

1.e4 c5 2.Nf3 Nc6 3.d4 cxd4 4.Nxd4 Nf6 5.Nc3 d6 6.Bg5 e6 7.Qd2 a6 8.Be2 h6
9.Be3 Be7 10.O-O O-O 11.Kh1 e5 12.Nb3 Be6 13.Rad1 b5 14.a3 Rc8 15.f4 Nb8
16.f5 Bc4 17.Rf3 Bxe2 18.Qxe2 Nbd7 19.Rh3 Re8 20.Rd3 Bf8 21.Bc1 Rc4 22.Rdg3 Qa8
23.Nd2 Rxc3 24.bxc3 Kh8 25.Rh4 Nc5 26.Re3 Be7 27.Nf3 Nh7 28.Rh3 Nf6 29.Nd2 Rc8
30.Qe1 Kg8 31.Re2 Bd8 32.Rhe3 Bb6 33.Nf1 Kf8 34.Ng3 Qc6 35.Bd2 Na4 36.Rf3 Nb2
37.h3 Bc5 38.Qa1 Nc4 39.Bc1 a5 40.Rf1 a4 41.Rfe1 Qb6 42.Rd1 Qc6 43.Kh2 Ke7
44.Rde1 Rd8 45.Nf1 Nd7 46.Nd2 Ndb6 47.Nf3 Nd7 48.g4 Rh8 49.Qa2 Qb6 50.Nd2 Nxd2
51.Bxd2 Qc6 52.c4 bxc4 53.Qxc4 Bg1+  0-1

[Event "NRW-Liga I 9697"]
[Site "Germany"]
[Date "1997.??.??"]
[Round "5.3"]
[White "Coenen, Norbert"]
[Black "Roos, Thomas"]
[Result "1/2-1/2"]
[WhiteElo "2340"]
[BlackElo "2260"]

1.e4 c5 2.Nf3 d6 3.d4 cxd4 4.Nxd4 Nf6 5.Nc3 Nc6 6.Bg5 e6 7.Qd2 Be7 8.O-O-O O-O
9.f4 Nxd4 10.Qxd4 Qa5 11.Bc4 Bd7 12.e5 dxe5 13.fxe5 Bc6 14.Bd2 Nd7 15.Nd5 Qc5
16.Nxe7+ Qxe7 17.Rhe1 Rfd8 18.Bf1 Qc5 19.Qxc5 Nxc5 20.Be3 Nd7 21.Bd4 Rac8
22.b3 b6 23.Kb2 Bb7 24.c4 Nc5 25.Be3 Ne4 26.a4 Nc5 27.Bg5 Rxd1 28.Rxd1 Bc6
29.Be3 Nd7 30.Bd4 f6 31.exf6 gxf6 32.a5 Kf7 33.b4 Ke7 34.Ra1 e5 35.Be3 Kd6
36.g3 f5 37.Bd3 Rf8 38.axb6 axb6 39.Ra6 Kc7 40.Ra1 Kb7 41.Rf1 e4 42.Be2 Ne5
43.g4 Bd7 44.gxf5 Bxf5 45.Kc3 Nf3 46.c5 Nxh2 47.Rh1 Nf3 48.Bc4 bxc5 49.Bxc5 Rd8
50.Ra1 Ne5 51.Ra7+ Kb8  1/2-1/2

[Event "Karsten Kold op"]
[Site "Gistrup"]
[Date "1997.??.??"]
[Round "6"]
[White "Hartman, Christer"]
[Black "Sher, Miron N"]
[Result "1-0"]
[WhiteElo "2320"]
[BlackElo "2425"]

1.e4 c5 2.Nf3 d6 3.d4 Nf6 4.Nc3 cxd4 5.Nxd4 Nc6 6.Bg5 e6 7.Qd2 a6 8.O-O-O h6
9.Be3 Qc7 10.f4 Bd7 11.h3 b5 12.Bd3 Na5 13.Kb1 Be7 14.g4 Nc4 15.Bxc4 Qxc4
16.g5 hxg5 17.fxg5 Nh5 18.e5 d5 19.g6 Bb4 20.gxf7+ Kf8 21.Nde2 Bxc3 22.Nxc3 Ng3
23.b3 Qc6 24.Qf2 Nf5 25.Ne2 Kxf7 26.Nd4 Qb7 27.Nxf5 exf5 28.Bd4 Be6 29.Rd3 Rag8
30.Rg1 g6 31.Rdg3 Rh7 32.Qg2 Rhg7 33.Be3 f4 34.Bxf4 Bf5 35.Bg5 Ke6 36.Bf6 Rc7
37.Rc1 Qc6 38.Rf3 d4 39.Qg3 Qe4 40.Rf4  1-0